| 000 | 004800000a22001930004500 | ||
|---|---|---|---|
| 001 | 004535 | ||
| 003 | MACL | ||
| 005 | 20151016142847.0 | ||
| 008 | 151016b xxu||||| |||| 00| 0 eng d | ||
| 040 |
_aMACL _cMACL |
||
| 041 | _aEnglish | ||
| 082 | _a920/BHA | ||
| 100 |
_aBhargava, G.S _92234 |
||
| 245 |
_aBhim Sen Sachar _bAn Intimate Biography _cG.S Bhargava |
||
| 260 |
_aNew Delhi _c1997 _bHarA̜nand, |
||
| 350 | _a350 | ||
| 650 |
_aBiography _915338 |
||
| 942 |
_k920 _cBK _2ddc |
||
| 999 |
_c16424 _d16424 |
||